000 00747cam a22002411 4500
001 he 67000655
003 DLC
005 20260227111445.0
008 840424q19621963is 000 0 heb
010 _ahe 67000655
035 _a(OCoLC)19162925
040 _aDLC
_cMH
_dDLC
042 _apremarc
050 0 0 _aBM745
_b.S6 1867
100 1 _aRabinowich, Solomon,
_cha-Kohen,
_d1803-1866.
245 1 0 _aTifʼeret Shelomoh ʻal ha-zemanim u-moʻadim.
260 _aTel Aviv :
_bha-Ḳeren le-hadpasat ha-sefarim shel Admore Radomsḳ,
_c723 [1962 or 1963]
300 _a156 leaves ;
_c28 cm.
500 _aPhoto/offset of Warsaw, 1867 ed.
650 0 _aJewish festival-day sermons.
752 _aIsrael
_dTel Aviv
752 _aPoland
_dWarsaw
999 _c32285
_d32285